000 00359cam a22001337a 4500
008 180718b1968 xxu||||| |||| 00| 0 eng d
020 _a422 71950 1
082 _aB11 V663
100 _aVickers, Geoffrey
245 _aValue system and social process
_cby Geoffrey Vickers
260 _aLondon
_bTavistock
_c1968
300 _a217p
650 _aSocial sciences.
999 _c417185
_d417185